00471 a2200145 4500952013500000999001700135020001800152082002000170100002100190245002900211250001400240260004900254300001500303942000700318 001040708FORaMESbMEScFOR d2021-03-31e35g550.00l15m21o364.0954PAR/Cp40980r2025-08-29 11:18:03s2025-08-20yBKzGL51R3 c41204d41204 a9789388267557 a364.0954bPAR/C1 aParanjape, N. V. aCriminology and Penology a18th ed. aPrayagaraj:bCentral Law Publications,c2019 a1007 pages cBK